书目信息 |
| 题名: |
2018年全国地市级环保局局长培训优秀论文集
|
|
| 作者: | 贾峰 主编 ;生态环境部宣传教育中心 编 | |
| 分册: | ||
| 出版信息: | 北京 中国环境出版集团 2018.05 |
|
| 页数: | 273页 | |
| 开本: | 23cm | |
| 丛书名: | ||
| 单 册: | ||
| 中图分类: | X-12 | |
| 科图分类: | ||
| 主题词: | 环境保护--huan jing bao hu--中国--文集 | |
| 电子资源: | ||
| ISBN: | 978-7-5111-3601-5 | |
| 000 | 01059nam0 2200253 450 | |
| 001 | 0100010403 | |
| 005 | 20190905093951.0 | |
| 010 | @a978-7-5111-3601-5@dCNY50.00 | |
| 100 | @a20190901d2018 em y0chiy50 ea | |
| 101 | 0 | @achi |
| 102 | @aCN@b110000 | |
| 105 | @ay z 000yy | |
| 106 | @ar | |
| 200 | 1 | @a2018年全国地市级环保局局长培训优秀论文集@A2018 nian quan guo di shi ji huan bao ju ju zhang pei xun you xiu lun wen ji@f生态环境部宣传教育中心编 |
| 210 | @a北京@c中国环境出版集团@d2018.05 | |
| 215 | @a273页@d23cm | |
| 314 | @a书内题: 贾峰主编 | |
| 330 | @a本书从2018年全国地市级环保局长专题培训提交的毕业论文中精选出的优秀论文几十余篇汇编成册, 内容包括生态文明建设、污染物总量控制、污染物综合治理、农村环境保护、重金属污染防治, 地方工作经验与感想、环境应急处置等部分。 | |
| 606 | 0 | @a环境保护@Ahuan jing bao hu@y中国@j文集 |
| 690 | @aX-12@v5 | |
| 701 | 0 | @a贾峰@Ajia feng@4主编 |
| 712 | 02 | @a生态环境部宣传教育中心@Asheng tai huan jing bu xuan chuan jiao yu zhong xin@4编 |
| 801 | 0 | @aCN@c20190905 |
| 905 | @a河南城建学院图书馆@dX-12@eJ240-2 | |
| 2018年全国地市级环保局局长培训优秀论文集/生态环境部宣传教育中心编.-北京:中国环境出版集团,2018.05 |
| 273页;23cm |
| ISBN 978-7-5111-3601-5:CNY50.00 |
| 本书从2018年全国地市级环保局长专题培训提交的毕业论文中精选出的优秀论文几十余篇汇编成册, 内容包括生态文明建设、污染物总量控制、污染物综合治理、农村环境保护、重金属污染防治, 地方工作经验与感想、环境应急处置等部分。 |
| ● |
| 相关链接 |
|
|
|
正题名:2018年全国地市级环保局局长培训优秀论文集
索取号:X-12/J240-2
 
预约/预借
| 序号 | 登录号 | 条形码 | 馆藏地/架位号 | 状态 | 备注 |
| 1 | 1438114 | 214381140 | 自科库501/501自科库 60排6列1层/ [索取号:X-12/J240-2] | 在馆 | |
| 2 | 1438115 | 214381159 | 自科库501/501自科库 60排6列1层/ [索取号:X-12/J240-2] | 在馆 |